00405 a2200157 4500003000400000005001700004008004100021020001800062040000900080082001500089100001700104245007800121250001200199260002600211300001000237OSt20240209123952.0240209b |||||||| |||| 00| 0 eng d a9788195692439 coclc a920bALI/A aAli, A Asgar aA V Abdurahman Haji: Lalithajeevithavum Adarshadeepthiyum /cA. Asgar Ali a1st ed. aCalicut:bKNM,c2022. a215p.